00584nam a2200133Ia 4500008004100000020001500041050001800056100005000074245006900124250001900193260003300212300001800245505018700263120626s9999 mx 000 0 spa d a9700762297 aK24bB87 2006 aBurgoa Orihuela, Ignaciod1918 - 2005 eautor aEl jurista y el simulador del derechoc/ Ignacio Burgoa Orihuela a16a. edición aMéxicob: Porrúac, 2006 a108 páginas aI. Necesidad del derecho como orden normativo de la sociedad y del estado II. Semblanza del jurista III. La cultura jurídica IV. Tipología del jurista V. El simulador del derecho